4 Most Famous Cities in Solomon Islands on a Map - Statistics

General Stats
  • This quiz has been taken 53 times
  • The average score is 2 of 4
Answers on the Map
Answers color-coded by a green-red scale on the quiz's map according to % correct below.
 
Answer Stats
Wiki Monthly Views Cityquiz Mention Rate Population Answers % Correct
14.50K 12.90% 130.18K Honiara
100%
0.85K 0.42% 4.26K Gizo
29%
1.30K 0.40% 7.02K Auki
26%
3.79K 0.19% 1.48K Tulagi
26%
No matching quizzes found
Score Distribution
Percent of People with Each Score
Percentile by Number Answered
Your Score History
You have not taken this quiz